El Salvador elecciones y democracia /

Uloženo v:
Podrobná bibliografie
Hlavní autor: Dada Hirezi, Héctor
Médium: Text
Tagy: Přidat tag
Žádné tagy, Buďte první, kdo vytvoří štítek k tomuto záznamu!

MARC

LEADER 00000 a a2200000 04500
001 47475
003
040
100 |a Dada Hirezi, Héctor  
245 |a El Salvador elecciones y democracia /  |c Héctor Dada Hirezi  
773 |g número1, (1994), páginas 58-68 : tablas  
999 |c 19930  |d 19930